| 000 -ლიდერი |
| ფიქსირებული სიგრძის საკონტროლო ველი |
01453nam a22002297a 4500 |
| 003 - საკონტროლო ნომრის იდენტიფიკატორი |
| საკონტროლო ველი |
Ge_BSU |
| 005 - ბოლო ოპერაციის თარიღი და დრო |
| საკონტროლო ველი |
20200611155804.0 |
| 008 - ფიქსირებული სიგრძის მონაცემთა ელემენტები - ზოგადი ინფორმაცია |
| ფიქსირებული სიგრძის საკონტროლო ველი |
200611s2014 ge ||||| |||| 00| 0 geo d |
| 020 ## - წიგნის საერთაშორისო სტანდარტული ნომერი |
| International Standard Book Number |
9789941071171 |
| 041 ## - ენის კოდი |
| Language code of text/sound track or separate title |
geo |
| 080 ## - უნივერსალური ათობითი კლასიფიკაციის ინდექსი |
| Universal Decimal Classification number |
616.314 თ-77 |
| 100 ## - მთავარი ჩანაწერი - პიროვნების სახელი |
| Personal name |
თოდუა, ლ. |
| 9 (RLIN) |
8369 |
| 245 ## - ცნობა სათაურის შესახებ |
| Title |
ოფთალმოპათოლოგია თანხვედრილი ზოგიერთ სტომატოლოგიურ დაავადებებთან და თანდაყოლილ ანომალიებთან : |
| Remainder of title |
(გათვალისწინებულია სტომატოლ. ფაკ-ტის სტუდენტებისათვის) / |
| Statement of responsibility, etc |
ლ. თოდუა, ნ. ნიკურაძე ; თბილ. სახელმწ. სამედ. უნ-ტი, თვალის სნეულებათა დეპარტამენტი. |
| 264 ## - წარმოების, გამოცემის, დისტრიბუციის და სხვა ცნობები |
| გამოცემის, წარმოების, დისტრიბუციის... ადგილი |
თბილისი, |
| გამოცემის, წარმოების, დისტრიბუციის... თარიღი |
2014. |
| 300 ## - ფიზიკური აღწერა |
| Extent |
6 გვ. : |
| Other physical details |
სურ. ; |
| Dimensions |
20 სმ. |
| 653 ## - INDEX TERM--UNCONTROLLED |
| Uncontrolled term |
მედიცინა |
| 653 ## - INDEX TERM--UNCONTROLLED |
| Uncontrolled term |
სტომატოლოგიური დაავადებები |
| 653 ## - INDEX TERM--UNCONTROLLED |
| Uncontrolled term |
თვალის დაავადებები |
| 700 ## - ADDED ENTRY--PERSONAL NAME |
| Personal name |
ნიკურაძე, ნ. |
| Relator term |
ავტორი |
| 9 (RLIN) |
8370 |
| 710 ## - ADDED ENTRY--CORPORATE NAME |
| Corporate name or jurisdiction name as entry element |
თსსუ. |
| Subordinate unit |
თვალის სნეულებათა დეპარტამენტი |
| 9 (RLIN) |
8371 |
| 942 ## - ADDED ENTRY ELEMENTS (KOHA) |
| Source of classification or shelving scheme |
|
| Koha item type |
წიგნი |